[Event "9. Open de Calviá 2012 Aficionados"]
[Site "Calvia ESP"]
[Date "2012.10.07"]
[Round "2.7"]
[White "Schenk Papke, Andres"]
[Black "Karimi, Farhad"]
[Result "1/2-1/2"]
[WhiteElo "2038"]
[BlackElo "2225"]
[PlyCount "54"]
[EventDate "2012.10.06"]
[EventType "swiss"]
[EventRounds "9"]
[EventCountry "ESP"]
[SourceTitle "Ajedrez en Madrid"]
[Source "lmi"]
[SourceDate "2012.10.06"]

1. Nf3 Nf6 2. c4 e6 3. g3 b6 4. Bg2 Bb7 5. O-O Be7 6. b3 O-O 7. Bb2 d6 8. Nc3
c5 9. d4 cxd4 10. Nxd4 Bxg2 11. Kxg2 Qd7 12. e3 Na6 13. Qf3 Rac8 14. Rfd1 Rfd8
15. Rd2 d5 16. cxd5 Nxd5 17. Nf5 Nxe3+ 18. Qxe3 Qb7+ 19. Nd5 Rxd5 20. Nxe7+
Qxe7 21. Rxd5 Qb7 22. Rad1 exd5 23. Qd4 f6 24. Qxd5+ Qxd5+ 25. Rxd5 Rc2 26.
Rd8+ Kf7 27. Rd7+ Kg6 1/2-1/2

[Event "9. Open de Calviá 2012 Aficionados"]
[Site "Calvia ESP"]
[Date "2012.10.07"]
[Round "2.8"]
[White "Sanchez Romero, Miquel Angel"]
[Black "Sanchez Garcia, Julio"]
[Result "1-0"]
[WhiteElo "2220"]
[BlackElo "2070"]
[PlyCount "77"]
[EventDate "2012.10.06"]
[EventType "swiss"]
[EventRounds "9"]
[EventCountry "ESP"]
[SourceTitle "Ajedrez en Madrid"]
[Source "lmi"]
[SourceDate "2012.10.06"]

1. e4 e6 2. Nf3 d5 3. Nc3 Nf6 4. e5 Nfd7 5. d4 c5 6. dxc5 Nc6 7. Bf4 Bxc5 8.
Bd3 h6 9. h4 a6 10. Qe2 b5 11. h5 Qc7 12. Rh4 Nd4 13. Nxd5 Qd8 14. Nxd4 Qxh4
15. Nxe6 fxe6 16. Bg6+ Kd8 17. Bg3 Qg5 18. Nf4 Nb6 19. Qe4 Kc7 20. Bh4 Qxh4 21.
Nxe6+ Bxe6 22. Qxh4 Rhf8 23. O-O-O Rad8 24. Rxd8 Rxd8 25. Bd3 Rd4 26. f4 Nd5
27. Qg3 Rxf4 28. Qxg7+ Kc6 29. Be2 Rf2 30. Bf3 Kb6 31. Qh8 Be3+ 32. Kd1 Rd2+
33. Ke1 Rxc2 34. Bxd5 Bxd5 35. Qd8+ Kc5 36. Qc7+ Bc6 37. Qa7+ Kd5 38. Qxe3 Rxg2
39. Qxh6 1-0

[Event "9. Open de Calviá 2012 Aficionados"]
[Site "Calvia ESP"]
[Date "2012.10.07"]
[Round "2.9"]
[White "Berendsen, Markus"]
[Black "Galiana Salom, Juan Ramon"]
[Result "0-1"]
[WhiteElo "2028"]
[BlackElo "2215"]
[PlyCount "80"]
[EventDate "2012.10.06"]
[EventType "swiss"]
[EventRounds "9"]
[EventCountry "ESP"]
[SourceTitle "Ajedrez en Madrid"]
[Source "lmi"]
[SourceDate "2012.10.06"]

1. c4 f5 2. g3 g6 3. Bg2 Bg7 4. Nc3 c6 5. e3 d6 6. Nge2 e5 7. b3 Qe7 8. Bb2 Na6
9. d3 Nh6 10. a3 Nc7 11. Qd2 Bd7 12. b4 O-O 13. O-O g5 14. Rae1 g4 15. d4 Ne6
16. f3 gxf3 17. Bxf3 Ng5 18. Bg2 Rad8 19. d5 a6 20. a4 Qe8 21. Ba3 Qh5 22. h4
Ng4 23. Nd1 Ne4 24. Bxe4 fxe4 25. Nec3 Qg6 26. Qg2 Nf6 27. Nf2 cxd5 28. Nxd5
Nxd5 29. cxd5 Bxa4 30. Nxe4 h6 31. Nc3 Bd7 32. e4 Rc8 33. Rxf8+ Bxf8 34. Rc1
Qg4 35. Kf2 Be7 36. Kg1 Bd8 37. Ne2 Bb6+ 38. Kh2 Rf8 39. Rf1 Rxf1 40. Qxf1 Bb5
0-1

[Event "9. Open de Calviá 2012 Aficionados"]
[Site "Calvia ESP"]
[Date "2012.10.07"]
[Round "2.11"]
[White "Van Den Bersselaar, Jeroen"]
[Black "Whitehead, David J"]
[Result "1-0"]
[WhiteElo "2196"]
[BlackElo "2035"]
[PlyCount "57"]
[EventDate "2012.10.06"]
[EventType "swiss"]
[EventRounds "9"]
[EventCountry "ESP"]
[SourceTitle "Ajedrez en Madrid"]
[Source "lmi"]
[SourceDate "2012.10.06"]

1. d4 Nf6 2. c4 g6 3. Nc3 Bg7 4. e4 d6 5. Nf3 O-O 6. Be2 e5 7. O-O Nc6 8. d5
Ne7 9. Ne1 Nd7 10. Be3 f5 11. f3 f4 12. Bf2 g5 13. Rc1 Rf6 14. Nd3 Rh6 15. c5
Qe8 16. Nb5 Qh5 17. h4 gxh4 18. Nxc7 Rg6 19. Kh2 Nxc5 20. Nxc5 h3 21. g4 fxg3+
22. Bxg3 Rxg3 23. Kxg3 Bh6 24. Kh2 Bf4+ 25. Kh1 h2 26. N5e6 Rb8 27. Nxf4 exf4
28. Ne6 Ng6 29. Qd4 1-0

[Event "9. Open de Calviá 2012 Aficionados"]
[Site "Calvia ESP"]
[Date "2012.10.07"]
[Round "2.13"]
[White "Tolhuizen, Ludo"]
[Black "Fichtinger, Leopold"]
[Result "1/2-1/2"]
[WhiteElo "2186"]
[BlackElo "2011"]
[PlyCount "57"]
[EventDate "2012.10.06"]
[EventType "swiss"]
[EventRounds "9"]
[EventCountry "ESP"]
[SourceTitle "Ajedrez en Madrid"]
[Source "lmi"]
[SourceDate "2012.10.06"]

1. d4 Nf6 2. Nf3 e6 3. c4 d5 4. g3 c6 5. Qc2 dxc4 6. Qxc4 Nbd7 7. Bg2 Nb6 8.
Qc2 Bb4+ 9. Nc3 O-O 10. O-O Re8 11. a3 Bxc3 12. Qxc3 h6 13. Rd1 Re7 14. Qc2 Bd7
15. e4 Be8 16. h3 Rc7 17. Bf4 Rac8 18. Rac1 Qe7 19. g4 Nfd7 20. Qd2 f6 21. e5
Nd5 22. exf6 N7xf6 23. Re1 Nxf4 24. Qxf4 Nd5 25. Qe4 Bf7 26. Ne5 Qf6 27. Bf1
Nf4 28. Rc3 g5 29. Bc4 1/2-1/2

[Event "9. Open de Calviá 2012 Aficionados"]
[Site "Calvia ESP"]
[Date "2012.10.07"]
[Round "2.14"]
[White "Terradas Calafell, Jaume"]
[Black "Schuermans, Robert"]
[Result "0-1"]
[WhiteElo "1733"]
[BlackElo "2175"]
[PlyCount "54"]
[EventDate "2012.10.06"]
[EventType "swiss"]
[EventRounds "9"]
[EventCountry "ESP"]
[SourceTitle "Ajedrez en Madrid"]
[Source "lmi"]
[SourceDate "2012.10.06"]

1. e4 e5 2. Nf3 Nc6 3. Bb5 f5 4. Nc3 Nd4 5. exf5 Nf6 6. Nxd4 exd4 7. Ne2 Bc5 8.
O-O c6 9. Bd3 O-O 10. b4 Bb6 11. Bb2 Ng4 12. h3 Ne5 13. Nc1 d5 14. a4 a6 15. c4
dxc4 16. Bb1 Bxf5 17. Ba2 Kh8 18. Qe2 Nd3 19. Nxd3 Bxd3 20. Qg4 Qf6 21. Qg3
Bxf1 22. Rxf1 Qf4 23. Qxf4 Rxf4 24. Bxc4 d3 25. Bxd3 Rd8 26. Bb1 Rxf2 27. Rxf2
Bxf2+ 0-1

[Event "9. Open de Calviá 2012 Aficionados"]
[Site "Calvia ESP"]
[Date "2012.10.07"]
[Round "2.15"]
[White "Gromovs, Sergejs"]
[Black "Kjellstrom, Roar"]
[Result "1-0"]
[WhiteElo "2169"]
[BlackElo "1916"]
[PlyCount "51"]
[EventDate "2012.10.06"]
[EventType "swiss"]
[EventRounds "9"]
[EventCountry "ESP"]
[SourceTitle "Ajedrez en Madrid"]
[Source "lmi"]
[SourceDate "2012.10.06"]

1. d4 d5 2. Nf3 Nf6 3. c4 c6 4. Nc3 a6 5. c5 Nbd7 6. Bg5 b6 7. cxb6 Qxb6 8. Qc2
e6 9. e3 Rb8 10. Rb1 Bb4 11. Bd3 c5 12. O-O c4 13. Be2 Qa5 14. Bf4 Ra8 15. Ne5
Bxc3 16. bxc3 Nxe5 17. Bxe5 Ne4 18. Rb4 f6 19. Bf4 g5 20. Bh5+ Ke7 21. f3 Nxc3
22. Qxc3 gxf4 23. Rb7+ Bxb7 24. Qxa5 Rac8 25. Qb4+ Kd7 26. Qxb7+ 1-0

[Event "9. Open de Calviá 2012 Aficionados"]
[Site "Calvia ESP"]
[Date "2012.10.07"]
[Round "2.19"]
[White "Lacrosse, Marc"]
[Black "Kopischke, Maik"]
[Result "1-0"]
[WhiteElo "2165"]
[BlackElo "1867"]
[PlyCount "65"]
[EventDate "2012.10.06"]
[EventType "swiss"]
[EventRounds "9"]
[EventCountry "ESP"]
[SourceTitle "Ajedrez en Madrid"]
[Source "lmi"]
[SourceDate "2012.10.06"]

1. d4 Nf6 2. c4 c5 3. d5 b5 4. cxb5 a6 5. bxa6 g6 6. Nc3 Bxa6 7. Nf3 Bg7 8. g3
d6 9. Bg2 O-O 10. O-O Nbd7 11. Qc2 Qa5 12. Bd2 Rfb8 13. Rfd1 Ng4 14. Rab1 Nge5
15. Nxe5 Nxe5 16. b3 Qb6 17. h3 Bc8 18. a4 Ra7 19. Kh2 Rab7 20. f4 Nd7 21. Nb5
Nf6 22. e4 Bd7 23. Na3 h5 24. Nc4 Qd8 25. Na5 Ra7 26. Nc6 Bxc6 27. dxc6 Ne8 28.
e5 Nc7 29. Be3 Qc8 30. b4 Rba8 31. b5 Rxa4 32. b6 Ne6 33. b7 1-0

[Event "9. Open de Calviá 2012 Aficionados"]
[Site "Calvia ESP"]
[Date "2012.10.07"]
[Round "2.20"]
[White "Oliver Font, Jose Luis"]
[Black "Svensson, Mikael"]
[Result "1/2-1/2"]
[WhiteElo "1853"]
[BlackElo "2051"]
[PlyCount "104"]
[EventDate "2012.10.06"]
[EventType "swiss"]
[EventRounds "9"]
[EventCountry "ESP"]
[SourceTitle "Ajedrez en Madrid"]
[Source "lmi"]
[SourceDate "2012.10.06"]

1. e4 e6 2. d4 d5 3. Nd2 Be7 4. e5 b6 5. c3 Qd7 6. Bd3 Ba6 7. Bxa6 Nxa6 8. Ne2
h5 9. Nf3 Nh6 10. Qd3 Nb8 11. Bg5 Bxg5 12. Nxg5 Nc6 13. Nf4 Nf5 14. O-O O-O-O
15. b4 Qe7 16. h4 Nxh4 17. Nf3 Nxf3+ 18. Qxf3 g5 19. Nd3 g4 20. Qf6 Qxf6 21.
exf6 Rdg8 22. g3 Rh6 23. Ne5 Nxe5 24. dxe5 Rg5 25. Rae1 h4 26. gxh4 Rxh4 27.
Re3 Rh3 28. Rfe1 Rf5 29. Kg2 Rhf3 30. Rxf3 Rxf3 31. Re3 c5 32. Rxf3 gxf3+ 33.
Kxf3 cxb4 34. cxb4 Kd7 35. b5 Ke8 36. Ke3 Kf8 37. f4 Kg8 38. Kd4 Kh7 39. f5
exf5 40. Kxd5 Kg6 41. Kd6 f4 42. e6 f3 43. e7 f2 44. e8=Q f1=Q 45. Qg8+ Kxf6
46. Qh8+ Kg5 47. Qg7+ Kh4 48. Qh7+ Kg3 49. Qg7+ Kh2 50. Qh7+ Kg1 51. Qg7+ Kh2
52. Qh7+ Kg3 1/2-1/2

[Event "9. Open de Calviá 2012 Aficionados"]
[Site "Calvia ESP"]
[Date "2012.10.07"]
[Round "2.23"]
[White "De Rijk, Nils"]
[Black "Caballero Gomez-casero, Emilio"]
[Result "1-0"]
[WhiteElo "1911"]
[BlackElo "1808"]
[PlyCount "45"]
[EventDate "2012.10.06"]
[EventType "swiss"]
[EventRounds "9"]
[EventCountry "ESP"]
[SourceTitle "Ajedrez en Madrid"]
[Source "lmi"]
[SourceDate "2012.10.06"]

1. d4 Nf6 2. c4 g6 3. g3 Bg7 4. Bg2 O-O 5. Nf3 d6 6. O-O Nc6 7. Nc3 e5 8. d5
Ne7 9. e4 Nd7 10. b4 f5 11. Bd2 Nf6 12. Ne1 f4 13. Nd3 g5 14. c5 Ng6 15. Rc1 g4
16. gxf4 Nh5 17. f5 Ngf4 18. Bxf4 exf4 19. Qxg4 Qe8 20. Bf3 Nf6 21. Qxf4 Nd7
22. cxd6 Rf6 23. Nb5 1-0

[Event "9. Open de Calviá 2012 Aficionados"]
[Site "Calvia ESP"]
[Date "2012.10.07"]
[Round "2.24"]
[White "Nielsen, Jorgen Kamp"]
[Black "Cerdo Fernandez, Miguel"]
[Result "0-1"]
[WhiteElo "1698"]
[BlackElo "1909"]
[PlyCount "58"]
[EventDate "2012.10.06"]
[EventType "swiss"]
[EventRounds "9"]
[EventCountry "ESP"]
[SourceTitle "Ajedrez en Madrid"]
[Source "lmi"]
[SourceDate "2012.10.06"]

1. e4 Nf6 2. e5 Nd5 3. d4 d6 4. c4 Nb6 5. Nf3 g6 6. Nc3 Bg7 7. Bf4 O-O 8. Be2
Nc6 9. O-O Bg4 10. exd6 cxd6 11. c5 dxc5 12. dxc5 Nd7 13. Na4 e5 14. Bg5 Qc7
15. Nd2 Bxe2 16. Qxe2 Nd4 17. Qc4 Rac8 18. Nc3 Qxc5 19. Qd3 Nb6 20. Nde4 Qb4
21. Nf6+ Kh8 22. Qh3 h5 23. Rab1 Ne6 24. Qg3 Rc4 25. a3 Qe7 26. b3 Rxc3 27.
Qxc3 Nxg5 28. f4 exf4 29. Rxf4 Nh7 0-1

[Event "9. Open de Calviá 2012 Aficionados"]
[Site "Calvia ESP"]
[Date "2012.10.08"]
[Round "3.1"]
[White "Tscharotschkin, Michael"]
[Black "Sgircea, Silvia-raluca"]
[Result "1/2-1/2"]
[WhiteElo "2205"]
[BlackElo "2255"]
[PlyCount "49"]
[EventDate "2012.10.06"]
[EventType "swiss"]
[EventRounds "9"]
[EventCountry "ESP"]
[SourceTitle "Ajedrez en Madrid"]
[Source "lmi"]
[SourceDate "2012.10.06"]

1. e4 c5 2. c3 Nf6 3. e5 Nd5 4. d4 cxd4 5. cxd4 e6 6. Nf3 d6 7. a3 Bd7 8. Bd3
Bc6 9. O-O Nd7 10. Bd2 Be7 11. Nc3 dxe5 12. Nxd5 Bxd5 13. Bb5 O-O 14. Bxd7 Qxd7
15. Nxe5 Qb5 16. Bc3 Rad8 17. Re1 f6 18. Ng4 Rfe8 19. Ne3 Bb3 20. a4 Qb6 21.
Qh5 Bb4 22. a5 Qd6 23. Qb5 Bxc3 24. bxc3 Bd5 25. Nxd5 1/2-1/2

[Event "9. Open de Calviá 2012 Aficionados"]
[Site "Calvia ESP"]
[Date "2012.10.08"]
[Round "3.3"]
[White "Massanet Massanet, Sebastian"]
[Black "Sokalsky, Alexander"]
[Result "0-1"]
[WhiteElo "2247"]
[BlackElo "2210"]
[PlyCount "178"]
[EventDate "2012.10.06"]
[EventType "swiss"]
[EventRounds "9"]
[EventCountry "ESP"]
[SourceTitle "Ajedrez en Madrid"]
[Source "lmi"]
[SourceDate "2012.10.06"]

1. d4 Nf6 2. g3 d5 3. Bg2 c6 4. Nf3 g6 5. O-O Bg7 6. c4 O-O 7. cxd5 cxd5 8. Nc3
Ne4 9. Nxe4 dxe4 10. Ne5 Nd7 11. Bf4 Nf6 12. Qa4 Be6 13. Rac1 Qd5 14. b3 Rfd8
15. Rfd1 Nh5 16. Qc4 Nxf4 17. gxf4 Rac8 18. Qxd5 Bxd5 19. e3 Bxe5 20. fxe5 b6
21. Bh3 e6 22. Bf1 a5 23. Ba6 Ra8 24. Bb5 Rac8 25. Kg2 Kg7 26. Ba6 Ra8 27. Bc4
Rac8 28. Bxd5 exd5 29. f3 exf3+ 30. Kxf3 f6 31. exf6+ Kxf6 32. e4 dxe4+ 33.
Kxe4 Ke6 34. Rf1 Rxc1 35. Rxc1 Kd6 36. d5 Re8+ 37. Kd4 Re2 38. Rc6+ Kd7 39.
Rxb6 Rxh2 40. a4 Rh4+ 41. Kc5 Kc8 42. Kc6 Rh3 43. Ra6 Rc3+ 44. Kd6 Rxb3 45.
Rxa5 h5 46. Rc5+ Kb8 47. Kc6 Kc8 48. a5 h4 49. a6 Ra3 50. Kb6+ Kb8 51. d6 Rb3+
52. Rb5 Rd3 53. a7+ Ka8 54. Kc7 Rc3+ 55. Kb6 Rd3 56. Kc6 h3 57. Kc7 Rc3+ 58.
Kd8 h2 59. Rb1 g5 60. Rd1 Rh3 61. Rh1 g4 62. d7 g3 63. Kc7 Rh7 64. Kd6 Rxd7+
65. Kxd7 g2 66. Rxh2 g1=Q 67. Rh8+ Kxa7 68. Re8 Kb7 69. Re6 Qg4 70. Kd6 Qd4+
71. Ke7 Kc7 72. Kf7 Qg4 73. Rg6 Qh5 74. Kf6 Kd6 75. Rg5 Qh6+ 76. Kf5 Kd5 77.
Rg6 Qh8 78. Rg5 Qf8+ 79. Kg4+ Ke4 80. Kh5 Qf7+ 81. Kh6 Kf4 82. Rg7 Qf6+ 83. Kh7
Kf5 84. Kh8 Qh4+ 85. Kg8 Qd8+ 86. Kh7 Qe8 87. Rg8 Qh5+ 88. Kg7 Qg6+ 89. Kf8
Qf6+ 0-1

[Event "9. Open de Calviá 2012 Aficionados"]
[Site "Calvia ESP"]
[Date "2012.10.08"]
[Round "3.4"]
[White "Munoz Agullo, Jose Francisco"]
[Black "Van Den Bersselaar, Jeroen"]
[Result "1-0"]
[WhiteElo "2241"]
[BlackElo "2196"]
[PlyCount "52"]
[EventDate "2012.10.06"]
[EventType "swiss"]
[EventRounds "9"]
[EventCountry "ESP"]
[SourceTitle "Ajedrez en Madrid"]
[Source "lmi"]
[SourceDate "2012.10.06"]

1. d4 d5 2. c4 c6 3. Nf3 Nf6 4. Qc2 dxc4 5. Qxc4 Bf5 6. Nc3 e6 7. g3 Nbd7 8.
Bg2 Be7 9. O-O O-O 10. Rd1 Ne4 11. Ne1 Nxc3 12. bxc3 Nf6 13. Nd3 Rc8 14. Rb1 b5
15. Qb3 Qa5 16. Bg5 Rfe8 17. Bxf6 gxf6 18. e4 Bg4 19. f3 Bh5 20. h4 Bg6 21. g4
h6 22. f4 f5 23. exf5 exf5 24. Ne5 Kg7 25. h5 Rh8 26. Bf1 Qd8 1-0

[Event "9. Open de Calviá 2012 Aficionados"]
[Site "Calvia ESP"]
[Date "2012.10.08"]
[Round "3.6"]
[White "Galiana Salom, Juan Ramon"]
[Black "Gromovs, Sergejs"]
[Result "1/2-1/2"]
[WhiteElo "2215"]
[BlackElo "2169"]
[PlyCount "132"]
[EventDate "2012.10.06"]
[EventType "swiss"]
[EventRounds "9"]
[EventCountry "ESP"]
[SourceTitle "Ajedrez en Madrid"]
[Source "lmi"]
[SourceDate "2012.10.06"]

1. e4 c5 2. Nf3 d6 3. d4 cxd4 4. Nxd4 Nf6 5. Nc3 Nc6 6. Nb3 e6 7. f4 Be7 8. Qf3
O-O 9. Bd2 a6 10. Bd3 Qc7 11. O-O Bd7 12. Rae1 Rac8 13. Qg3 g6 14. Kh1 b5 15.
Nd1 b4 16. f5 a5 17. Bh6 Rfe8 18. Bg5 Nh5 19. Qh4 Bxg5 20. Qxg5 exf5 21. exf5
Rxe1 22. Rxe1 Ne5 23. fxg6 hxg6 24. Ne3 Bc6 25. Nd4 Re8 26. Rf1 Bb7 27. Ng4 Qe7
28. Nh6+ Kf8 29. Nxf7 Qxg5 30. Nxg5+ Kg7 31. Bb5 Rc8 32. Kg1 Bd5 33. Nge6+ Kh6
34. Nf4 Bc4 35. Bxc4 Rxc4 36. Nfe6 Ng7 37. Rf4 Kh7 38. Nxg7 Kxg7 39. Ne6+ Kh6
40. Rf2 Re4 41. Rf4 Rc4 42. h3 d5 43. Rf8 Kh7 44. Rf2 a4 45. Rd2 Nf7 46. Kf2 a3
47. b3 Rc3 48. Nf4 Nd6 49. Ke1 Ne4 50. Re2 Nf6 51. Kd1 Rc5 52. Re7+ Kg8 53.
Nxg6 Ne4 54. h4 Nc3+ 55. Kd2 Nxa2 56. h5 Rc6 57. Rb7 Ra6 58. Ne7+ Kg7 59. Nxd5+
Kh6 60. Rb6+ Rxb6 61. Nxb6 Kxh5 62. Nd5 Kg4 63. c4 bxc3+ 64. Nxc3 Nb4 65. Kc1
Kg3 66. Kb1 Kxg2 1/2-1/2

[Event "9. Open de Calviá 2012 Aficionados"]
[Site "Calvia ESP"]
[Date "2012.10.08"]
[Round "3.7"]
[White "Voiteanu, Gabriel"]
[Black "Rhein, Klaus"]
[Result "1/2-1/2"]
[WhiteElo "2298"]
[BlackElo "2132"]
[PlyCount "89"]
[EventDate "2012.10.06"]
[EventType "swiss"]
[EventRounds "9"]
[EventCountry "ESP"]
[SourceTitle "Ajedrez en Madrid"]
[Source "lmi"]
[SourceDate "2012.10.06"]

1. d4 f5 2. c4 e6 3. g3 Nf6 4. Bg2 Be7 5. Nc3 O-O 6. Qc2 Nc6 7. Nf3 d6 8. d5
Nb4 9. Qb1 e5 10. a3 Na6 11. b4 Qe8 12. e4 Qh5 13. Nd2 f4 14. Qd3 g5 15. f3 g4
16. Ne2 gxf3 17. Bxf3 Bg4 18. gxf4 Bxf3 19. Nxf3 Ng4 20. f5 Kf7 21. Ng3 Bh4 22.
Nxh4 Qxh4 23. Qe2 Rg8 24. Bd2 Rg7 25. O-O-O Rag8 26. Rdg1 Nf6 27. Rg2 Rg4 28.
Be1 Nxe4 29. Nxe4 Rxg2 30. Qxg2 Qxe1+ 31. Rxe1 Rxg2 32. h4 h6 33. c5 dxc5 34.
bxc5 Nb8 35. d6 cxd6 36. Nxd6+ Kf6 37. Nxb7 Nc6 38. Nd6 Nd4 39. Re3 Rh2 40. Re4
Nxf5 41. Ra4 Nxd6 42. cxd6 Ke6 43. Rxa7 Rxh4 44. d7 Rd4 45. Ra6+ 1/2-1/2

[Event "9. Open de Calviá 2012 Aficionados"]
[Site "Calvia ESP"]
[Date "2012.10.08"]
[Round "3.8"]
[White "Alberto, Manuel"]
[Black "Andersen, Lars Even"]
[Result "0-1"]
[WhiteElo "2164"]
[BlackElo "2291"]
[PlyCount "72"]
[EventDate "2012.10.06"]
[EventType "swiss"]
[EventRounds "9"]
[EventCountry "ESP"]
[SourceTitle "Ajedrez en Madrid"]
[Source "lmi"]
[SourceDate "2012.10.06"]

1. e4 c6 2. d4 d5 3. e5 Bf5 4. Ne2 e6 5. Ng3 Bg6 6. h4 f6 7. h5 Bf7 8. Bd3 c5
9. exf6 Qxf6 10. dxc5 Bxc5 11. Qe2 Ne7 12. Nd2 Nd7 13. h6 g6 14. Nf3 O-O 15.
O-O Nc6 16. Bg5 Nd4 17. Nxd4 Qxg5 18. Nxe6 Bxe6 19. Qxe6+ Rf7 20. b4 Bd4 21. c3
Bb6 22. Bb5 Ne5 23. Be8 Nf3+ 24. gxf3 Qxg3+ 25. Kh1 Qxf3+ 26. Kh2 Qh5+ 27. Kg2
Qg5+ 28. Kh1 Qxh6+ 29. Kg2 Qg5+ 30. Kh1 Qh4+ 31. Kg2 Qg5+ 32. Kh1 Qh5+ 33. Kg1
Rxe8 34. Qxe8+ Kg7 35. Qe6 Qg5+ 36. Kh1 Rf4 0-1

[Event "9. Open de Calviá 2012 Aficionados"]
[Site "Calvia ESP"]
[Date "2012.10.08"]
[Round "3.10"]
[White "Grichkevitch, Gilles"]
[Black "Diaz Nunez, Adolfo"]
[Result "1/2-1/2"]
[WhiteElo "2137"]
[BlackElo "2225"]
[PlyCount "38"]
[EventDate "2012.10.06"]
[EventType "swiss"]
[EventRounds "9"]
[EventCountry "ESP"]
[SourceTitle "Ajedrez en Madrid"]
[Source "lmi"]
[SourceDate "2012.10.06"]

1. e4 c6 2. d4 d5 3. e5 Bf5 4. Nc3 e6 5. g4 Bg6 6. Nge2 c5 7. h4 h5 8. Nf4 Bh7
9. Nxh5 Nc6 10. dxc5 Bxc5 11. Bb5 Kf8 12. Bxc6 bxc6 13. Qf3 Bxc2 14. Bg5 Qb6
15. O-O Qxb2 16. Rac1 Rxh5 17. gxh5 Bd4 18. Qe2 Qxc3 19. Qxc2 Qg3+ 1/2-1/2

[Event "9. Open de Calviá 2012 Aficionados"]
[Site "Calvia ESP"]
[Date "2012.10.08"]
[Round "3.11"]
[White "Karimi, Farhad"]
[Black "Amoros Moran, Jose Joaquin"]
[Result "1-0"]
[WhiteElo "2225"]
[BlackElo "1962"]
[PlyCount "49"]
[EventDate "2012.10.06"]
[EventType "swiss"]
[EventRounds "9"]
[EventCountry "ESP"]
[SourceTitle "Ajedrez en Madrid"]
[Source "lmi"]
[SourceDate "2012.10.06"]

1. d4 Nf6 2. Nf3 g6 3. c4 Bg7 4. g3 d6 5. Bg2 O-O 6. Nc3 Nc6 7. O-O a6 8. e4 e5
9. h3 Bd7 10. Be3 Qc8 11. Kh2 exd4 12. Nxd4 Ne5 13. b3 Rb8 14. Rc1 h5 15. Bg5
Re8 16. Nd5 Nxd5 17. cxd5 f6 18. Be3 Nf7 19. Qc2 Qd8 20. Qxc7 Qe7 21. Qb6 Rec8
22. Rxc8+ Rxc8 23. Qxb7 Ng5 24. h4 Nf7 25. Bh3 1-0

[Event "9. Open de Calviá 2012 Aficionados"]
[Site "Calvia ESP"]
[Date "2012.10.08"]
[Round "3.16"]
[White "Shen, Yue"]
[Black "Strand, Oyvin"]
[Result "1-0"]
[WhiteElo "2120"]
[BlackElo "1899"]
[PlyCount "47"]
[EventDate "2012.10.06"]
[EventType "swiss"]
[EventRounds "9"]
[EventCountry "ESP"]
[SourceTitle "Ajedrez en Madrid"]
[Source "lmi"]
[SourceDate "2012.10.06"]

1. d4 d5 2. c4 e6 3. g3 Nf6 4. Nf3 c6 5. Bg2 Nbd7 6. Nbd2 Bd6 7. O-O O-O 8. Qc2
e5 9. cxd5 Nxd5 10. Nc4 Qe7 11. Nxd6 Qxd6 12. Rd1 Qe7 13. e4 Nb4 14. Qb3 exd4
15. Bg5 Qc5 16. Rac1 Qb6 17. Be7 c5 18. Ng5 Na6 19. Qxb6 axb6 20. Bxf8 Nxf8 21.
e5 h6 22. Ne4 Nd7 23. Nd6 Nb4 24. Bh3 1-0

[Event "9. Open de Calviá 2012 Aficionados"]
[Site "Calvia ESP"]
[Date "2012.10.08"]
[Round "3.17"]
[White "Sanchez Garcia, Julio"]
[Black "Rodvik, Trym Daniel"]
[Result "1-0"]
[WhiteElo "2070"]
[BlackElo "1859"]
[PlyCount "59"]
[EventDate "2012.10.06"]
[EventType "swiss"]
[EventRounds "9"]
[EventCountry "ESP"]
[SourceTitle "Ajedrez en Madrid"]
[Source "lmi"]
[SourceDate "2012.10.06"]

1. d4 Nf6 2. c4 e6 3. Nc3 Bb4 4. Qc2 c5 5. dxc5 Na6 6. a3 Bxc3+ 7. Qxc3 Nxc5 8.
b4 Nce4 9. Qd4 d5 10. c5 b6 11. f3 bxc5 12. bxc5 Qa5+ 13. Qb4 Qc7 14. fxe4 Rb8
15. Qa4+ Bd7 16. Qc2 O-O 17. exd5 Qe5 18. Ra2 Qxd5 19. e4 Nxe4 20. Bc4 Qc6 21.
Nf3 Nxc5 22. O-O Rfc8 23. Bf4 Rb7 24. Ne5 Qb6 25. Qf2 Ba4 26. Be3 Be8 27. Nd3
Nxd3 28. Bxd3 Qa5 29. Qh4 f6 30. Qe4 1-0

[Event "9. Open de Calviá 2012 Aficionados"]
[Site "Calvia ESP"]
[Date "2012.10.08"]
[Round "3.26"]
[White "Busom Ferrer, Manuel"]
[Black "Aguilo Pons, Francesc"]
[Result "1-0"]
[WhiteElo "1970"]
[BlackElo "1940"]
[PlyCount "43"]
[EventDate "2012.10.06"]
[EventType "swiss"]
[EventRounds "9"]
[EventCountry "ESP"]
[SourceTitle "Ajedrez en Madrid"]
[Source "lmi"]
[SourceDate "2012.10.06"]

1. e4 c5 2. Nf3 d6 3. d4 cxd4 4. Nxd4 Nf6 5. Nc3 a6 6. Be2 e5 7. Nb3 Be7 8. O-O
Be6 9. Be3 Qc7 10. Kh1 Nbd7 11. f4 exf4 12. Bxf4 Ne5 13. Nd5 Bxd5 14. exd5 O-O
15. c4 Rfe8 16. Rc1 Rad8 17. Nd4 h6 18. b4 Ng6 19. Bd3 Nxf4 20. Rxf4 g6 21. Qf3
Kg7 22. Rf1 1-0

[Event "9. Open de Calviá 2012 Aficionados"]
[Site "Calvia ESP"]
[Date "2012.10.08"]
[Round "3.33"]
[White "Enjuto Velasco, Roberto"]
[Black "Carranza Pons, Ricardo Nelson"]
[Result "1-0"]
[WhiteElo "2142"]
[BlackElo "1718"]
[PlyCount "41"]
[EventDate "2012.10.06"]
[EventType "swiss"]
[EventRounds "9"]
[EventCountry "ESP"]
[SourceTitle "Ajedrez en Madrid"]
[Source "lmi"]
[SourceDate "2012.10.06"]

1. Nf3 Nf6 2. b3 g6 3. Bb2 Bg7 4. c4 c5 5. e3 O-O 6. Be2 Nc6 7. O-O d5 8. cxd5
Nxd5 9. Bxg7 Kxg7 10. Qc2 e5 11. Qxc5 Be6 12. Qc1 Rc8 13. Qb2 f6 14. Nc3 Ndb4
15. a3 Nd3 16. Qb1 Nc5 17. b4 Nd7 18. Rd1 Bg4 19. Qb2 Nb6 20. Rac1 Bxf3 21.
Bxf3 1-0

[Event "9. Open de Calviá 2012 Aficionados"]
[Site "Calvia ESP"]
[Date "2012.10.09"]
[Round "4.1"]
[White "Gomez Jurado, Luis Alberto"]
[Black "Munoz Agullo, Jose Francisco"]
[Result "1-0"]
[WhiteElo "2248"]
[BlackElo "2241"]
[PlyCount "79"]
[EventDate "2012.10.06"]
[EventType "swiss"]
[EventRounds "9"]
[EventCountry "ESP"]
[SourceTitle "Ajedrez en Madrid"]
[Source "lmi"]
[SourceDate "2012.10.06"]

1. c4 Nf6 2. g3 e6 3. Bg2 d5 4. Nf3 dxc4 5. Na3 a6 6. Nxc4 b5 7. Nce5 Nd5 8. d4
Bb7 9. O-O Be7 10. e4 Nb6 11. Qe2 O-O 12. Rd1 N8d7 13. b3 Qe8 14. a4 Nxe5 15.
Nxe5 bxa4 16. bxa4 a5 17. Qc2 Rc8 18. Bd2 f6 19. Nd3 Bc6 20. Nb2 f5 21. Bxa5
fxe4 22. Bxe4 Bxe4 23. Qxe4 Qf7 24. Nd3 Nc4 25. Bc3 Bf6 26. a5 c5 27. a6 Nd6
28. Qf3 cxd4 29. Bb4 Qd7 30. a7 Ra8 31. Nc5 Qc8 32. Ra6 Be7 33. Qe2 Rf6 34.
Rxd4 Nf5 35. Rc4 Bxc5 36. Rxc5 Qd7 37. Rb5 Rxa7 38. Rb8+ Kf7 39. Rxa7 Qxa7 40.
Rf8+ 1-0